000 00734nam a22002297a 4500
005 20170124105938.0
010 _aB-059502
020 _c00.00
035 _aB-059502
037 _bCen Lib/Ret
040 _aDPL
_bEN
082 _a320.954
_bRAO
100 _aRao, Ramesh N.
_910518
245 _aCoalition conundrum :
_cby Ramesh N. Rao
_bthe BJP's trials, tribulations, and triumphs /
260 _aNew Delhi
_b Har Anand Publications
_c2001
270 _bNew Delhi
_aD-9, Anand Niketan
_e110021
300 _a240p.
_c22cm(Hb)
500 _aIncludes appendix and index
650 _aIndia -- Politics and government -- 1977
_937
650 _aBharatiya Janata Party
_910519
942 _2ddc
_cEN
_h320.954
_mRAO
999 _c124367
_d124367